000
00288nam a2200097Ia 4500
082
_a
363.2 SMAR
245
0
_a
Smart policing for law-enforcement officials
100
_a
Smit, J. ** Claremont [Cape Town], 2R4 ** *
_9
108543
942
_c
BK
008
210825s9999 xx 000 0 und d
999
_c
496617
_d
496616